000 00239nam a2200097Ia 4500
001 1199819
005 20250827022601.0
008 250824s9999 xx 000 0 und d
245 0 _aVİKİNGLER
_cROBERT LEIGHTON
260 _bPANAMA YAYINLARI
999 _c1199819
_d1199819